Religious confession privilege at the common law (Record no. 214777)
[ view plain ]
| 000 -LEADER | |
|---|---|
| fixed length control field | 01598nam a2200397 a 4500 |
| 082 04 - DEWEY DECIMAL CLASSIFICATION NUMBER | |
| Classification number | 342.08/52 |
| 100 1# - MAIN ENTRY--AUTHOR NAME | |
| Personal name | Thompson, A. K. |
| 245 10 - TITLE STATEMENT | |
| Title | Religious confession privilege at the common law |
| 260 ## - PUBLICATION, DISTRIBUTION, ETC. (IMPRINT) | |
| Place of publication | Leiden ; |
| -- | Boston [Mass.] : |
| Name of publisher | M. Nijhoff Publishers, |
| Year of publication | 2011. |
| 300 ## - PHYSICAL DESCRIPTION | |
| Number of Pages | xxvii, 395 p. |
| 490 1# - SERIES STATEMENT | |
| Series statement | Studies in religion, secular beliefs, and human rights, |
| 650 #0 - SUBJECT ADDED ENTRY--TOPICAL TERM | |
| Topical Term | Liberty of conscience. |
| Topical Term | Freedom of religion. |
| Topical Term | Confession (Law) |
| Topical Term | Confession (Canon law) |
| Topical Term | Evidence (Law) |
| Topical Term | Evidence (Canon law) |
| Topical Term | Confidential communications. |
| 856 40 - ELECTRONIC LOCATION AND ACCESS | |
| Uniform Resource Identifier | http://site.ebrary.com/lib/rucke/Doc?id=10470488 |
No items available.
